La relazione tra famiglie e scuola. (Record n. 359250)

Dettagli MARC
000 -LEADER
campo di controllo lung. fissa 01838nam a22002057a 4500
003 - Identificatore del numero di controllo
campo di controllo IT-MiCISF
005 - Data e orario dell'ultima transazione
campo di controllo 20250411112917.0
008 - Elementi di lunghezza fissa--Informazione generale
campo di controllo lung. fissa 210504b ||||| |||| 00| 0 eng d
040 ## - Fonte della catalogazione
Agenzia che fa la trascrizione IT-MiCISF
041 ## - Codice di lingua
Codice di lingua del testo/traccia sonora o titolo separato it
100 ## - Accesso principale -- nome di persona
Nome di persona Fiore Brunella
9 (RLIN) 58899
245 ## - Formulazione del titolo
Titolo La relazione tra famiglie e scuola.
Complemento del titolo Modelli organizzativi e politiche sociali
260 ## - Pubblicazione, distribuzione, ecc. (stampa)
Luogo di pubblicazione, distribuzione, ecc. Roma,
Nome dell'editore, distributore, ecc. Carocci,
Data di pubblicazione, distribuzione, ecc. 2021
300 ## - Descrizione fisica
Estensione pp. 194
500 ## - Nota generale
Nota generale scuola, famiglia, struttura-famiglia, denatalità, modello-famiglia, famiglia-migranti, politiche-sociali, differenza-sessuale, politica-familiare, ritmi-familiari, problemi-educazione
520 ## - Riassunto, ecc.
Nota di riassunto, ecc. Famiglie e scuola sono partner educativi: a questi due importanti pilastri la società affida il futuro delle nuove generazioni e, in definitiva, anche di sé stessa. Il volume riflette sulle trasformazioni che la scuola e le famiglie vivono oggi e che le vede reciprocamente coinvolte. In che misura la prima rappresenta un valido alleato per le seconde nella crescita dei propri figli? In che modo la scuola sembra rispondere alle aspettative educative delle famiglie? E specularmente, cosa si aspetta la scuola da queste ultime? Come si concretizza l'alleanza educativa? Quali sono i principali ostacoli sociali che sembrano frapporsi alla sua realizzazione? In che modo le politiche sociali possono agevolarne il funzionamento? In accordo con una prospettiva comparativa che renda conto dei punti di forza e di debolezza, il volume approfondisce le caratteristiche e i modelli che regolano la relazione tra famiglie e scuola mettendone in luce i legami che rendono queste istituzioni interdipendenti e, al contempo, mostrandone sia le criticità presenti sia quelle che si profilano all'orizzonte in ambito demografico, sociale, politico.
650 ## - Accesso aggiunto di soggetto--termine topico
Termine topico o nome geografico come accesso scuola
9 (RLIN) 56165
654 ## - Accesso aggiunto di soggetto--termini topici faccettati
Termine principale saggio
942 ## - Dati aggiuntivi (Koha)
Fonte della classificazione o dello schema di collocazione (segnatura) Dewey Decimal Classification
Tipo copia default (Koha) LIBRO
Dati di copia
Ritirato (status) Perso (status) Fonte della classificazione o dello schema di collocazione (segnatura) Danneggiato (status) Non per il presito Biblioteca proprietaria Biblioteca in cui si trova Data d'acquisizione Totale prestiti Collocazione Codice a barre Data ultima operazione Prezzo in vigore dal Tipo copia default (Koha)
    Dewey Decimal Classification Buone Condizioni Not For Loan CISF - Milano CISF - Milano 04/05/2021   b7669 9788829005291 04/05/2021 04/05/2021 LIBRO
CREDITS: SOCIETA' SAN PAOLO Via A.Severo, 58 - ROMA (RM) & PERIODICI SAN PAOLO SRL Via Giotto, 36 MILANO & CISF Via Giotto, 36 MILANO & EDIZIONI SAN PAOLO SRL,  Piazza Soncino, 5 CINISELLO BALSAMO (MI) -- ITALY